| 000 | 01204nam a22002297a 4500 | ||
|---|---|---|---|
| 003 | BUBTL | ||
| 008 | 220130b ||||| |||| 00| 0 eng d | ||
| 020 | _a9789844144361 | ||
| 082 | _a954.92/ M2777r/ 2013 | ||
| 100 |
_94507 _aমাহবুব, এম. আর |
||
| 245 |
_aরাষ্ট্রভাষা-আন্দোলন ও বঙ্গবন্ধু শেখ মুজিবুর রহমান / _cএম. আর. মাহবুব, মুস্তফা নূরউল ইসলাম |
||
| 250 | _a1st Edn. | ||
| 260 |
_aঢাকা : _bঅনিন্দ্য প্রকাশ, _cc2013 |
||
| 300 |
_a192 p.: _bill.; _c22 cm. |
||
| 505 | _aরাষ্ট্রভাষা-আন্দোলন ও বঙ্গবন্ধু শেখ মুজিবুর রহমান, রাষ্ট্রভাষা, আন্দোলন, বঙ্গবন্ধু, শেখ মুজিবুর রহমান, | ||
| 650 | 0 |
_93573 _aবঙ্গবন্ধু |
|
| 650 | 0 |
_94372 _aBangabandhu |
|
| 700 |
_94508 _aনূরউল ইসলাম, মুস্তফা |
||
| 856 |
_k0 _l0 _yDownload |
||
| 942 |
_2ddc _cBK |
||
| 999 |
_c6652 _d6652 |
||